000 01161nam a2200253 a 4500
001 000048790
005 20201002061418.0
008 190412s2018 dr c r 000 0 spa d
020 _a9789945910476
040 _aDO-SdBNP
_bspa
_cBNPHU
082 _axxxx
_bD352t
100 1 _aDelgado Malagón, Pedro
_d1944-
_976244
245 1 0 _aTurismo dominicano :
_b30 años a velocidad de crucero /
_cPedro Delgado Malagón ; fotografías Thiago da Cunha ; traducciones Ana E. Martínez, Delia Blanco ; presentación Manuel A. Grullón ; prólogo Rita Cabrer Botello.
260 _aSanto Domingo :
_bPopular,
_c2018.
300 _a463 p. :
_bretr., fot. ;
_c32 cm.
500 _aIncluye datos biografícos del autor y fotografo.
505 2 _tPresentación --
_tPrólogo --
_tEl inicio --
_t30 años a velocidad de crucero --
_tMirar al porvenir --
_tVoces del turismo --
_tApéndice gráfico /
590 _aInventariado, 2019/ YL
700 1 2 _aCunha, Thiago da,
_d1968-
_efot.
_976245
700 1 2 _aCabrer Botello, Rita,
_eprol.
_976246
700 1 2 _aGrullón, Manuel A.,
_epres.
_973783
700 1 2 _aMartínez, Ana E.,
_etrad.
_92505
700 1 2 _aBlanco, Delia
_etrad.
_924662
999 _c48278
_d48278